000 00561nam a2200169 i 4500
001 bg
100 1 _aGUZIŃSKI, Andrzej
245 0 _aProjektowanie i konstrukcja układów warstwowych /
_cAndrzej Guziński.
260 _aWarszawa :
_bWydawnictwa Komunikacji i Łączności,
_c1973.
650 9 _aUkłady elektroniczne
_xprojekty
040 _cBPK
041 _apol
080 _a621.3.049
942 _cKS
008 s pl f |000 0 pol
856 _uhttp://koha.tu.koszalin.pl/cgi-bin/koha/opac-detail.pl?biblionumber=7668
_yKatalog online BPK
999 _c7668
_d7668